[Event "Rio de Janeiro op 2nd"]
[Site "Rio de Janeiro"]
[Date "2023.05.05"]
[Round "6"]
[White "Mendes Domingues, Ribeiro Matheus"]
[Black "De Souza, Brayan Lincoln Mene"]
[Result "1/2-1/2"]
[WhiteElo "2205"]
[BlackElo "1998"]
[PlyCount "41"]
[EventDate "2023.05.02"]
[EventType "swiss"]
[EventRounds "9"]
[EventCountry "BRA"]
[SourceTitle "CBM 214 Extra"]
[Source "ChessBase"]
[SourceDate "2023.07.31"]
[SourceVersion "1"]
[SourceVersionDate "2023.07.31"]
[SourceQuality "1"]

1. c4 e5 2. g3 d6 3. Bg2 Be7 4. Nc3 f5 5. d3 Nf6 6. Nf3 0-0 7. 0-0 Qe8 8. b4 a6 9. a4 Nc6 10. Qb3 Kh8 11. Bd2 a5 12. b5 Nd8 13. Nd5 Ne6 14. Qa3 Bd8 15. b6 c6 16. Nxf6 Rxf6 17. Rab1 Be7 18. Qc3 Rf7 19. e3 Bf6 20. Qa3 Qf8 21. Bc3 1/2-1/2

[Event "Rio de Janeiro op 2nd"]
[Site "Rio de Janeiro"]
[Date "2023.05.04"]
[Round "4"]
[White "De Souza, Brayan Lincoln Mene"]
[Black "Cueto, Jose"]
[Result "1/2-1/2"]
[WhiteElo "1998"]
[BlackElo "2122"]
[PlyCount "69"]
[EventDate "2023.05.02"]
[EventType "swiss"]
[EventRounds "9"]
[EventCountry "BRA"]
[SourceTitle "CBM 214 Extra"]
[Source "ChessBase"]
[SourceDate "2023.07.31"]
[SourceVersion "1"]
[SourceVersionDate "2023.07.31"]
[SourceQuality "1"]

1. d4 d6 2. e4 Nf6 3. Nc3 Nbd7 4. f4 c6 5. Nf3 Qa5 6. Bd2 Qc7 7. e5 Nd5 8. Ne4 N5b6 9. Bd3 e6 10. Qe2 d5 11. Ng3 Be7 12. f5 Nf8 13. Nh5 Rg8 14. Bg5 exf5 15. Bf6 Ne6 16. Bxe7 Qxe7 17. 0-0 Ng5 18. Nxg5 Qxg5 19. e6 Bxe6 20. Rxf5 Qe7 21. Re1 0-0-0 22. Nf4 Nd7 23. Nxe6 fxe6 24. Qxe6 Qxe6 25. Rxe6 Nf6 26. Re7 Rd7 27. Re2 Kd8 28. h3 Re7 29. Rxe7 Kxe7 30. g4 h6 31. Re5+ Kd6 32. Kf2 c5 33. Ke3 g5 34. Bf5 Re8 35. Rxe8 1/2-1/2

[Event "Campo Grande Fabom op 2nd"]
[Site "Campo Grande"]
[Date "2021.04.08"]
[Round "1"]
[White "Amorim, Ana Laura dos Santo"]
[Black "De Souza, Brayan Lincoln Mene"]
[Result "0-1"]
[WhiteElo "1256"]
[BlackElo "1954"]
[PlyCount "62"]
[EventDate "2021.04.08"]
[EventType "swiss"]
[EventRounds "6"]
[EventCountry "BRA"]
[SourceTitle "EXT 2022"]
[Source "ChessBase"]
[SourceDate "2021.10.06"]
[SourceVersion "1"]
[SourceVersionDate "2021.10.06"]
[SourceQuality "1"]

1. e4 e5 2. Nf3 Nc6 3. Nc3 Nf6 4. Bb5 Bc5 5. 0-0 0-0 6. Bxc6 dxc6 7. Nxe5 Re8 8. Nf3 Nxe4 9. Nxe4 Rxe4 10. d3 Re8 11. Bf4 Bg4 12. h3 Bh5 13. a3 Qf6 14. Bh2 Bxf3 15. Qxf3 Qxf3 16. gxf3 Re2 17. Bxc7 Rxc2 18. b4 Bd4 19. Rac1 Bxf2+ 20. Kh1 Rxc1 21. Rxc1 Re8 22. Kg2 Bd4 23. Kf1 Bb2 24. Rc4 Bxa3 25. Rd4 h6 26. Bg3 b5 27. Rd6 Rc8 28. Bf2 a5 29. Rd4 axb4 30. Re4 b3 31. Re1 c5 0-1

[Event "Rio de Janeiro Fexerj op"]
[Site "Rio de Janeiro"]
[Date "2019.06.01"]
[Round "2"]
[White "Chaves, Jorge Antonio Torre"]
[Black "De Souza, Brayan Lincoln Mene"]
[Result "1-0"]
[WhiteElo "1948"]
[BlackElo "1800"]
[PlyCount "139"]
[EventDate "2019.06.01"]
[EventType "swiss"]
[EventRounds "6"]
[EventCountry "BRA"]
[SourceTitle "CBM 190 Extra"]
[Source "ChessBase"]
[SourceDate "2019.07.15"]
[SourceVersion "1"]
[SourceVersionDate "2019.07.15"]
[SourceQuality "1"]

1. d4 d5 2. Nf3 Nf6 3. Bg5 Ne4 4. Bf4 e6 5. Nbd2 Nf6 6. h3 c5 7. e3 Qb6 8. Qc1 Nc6 9. c3 cxd4 10. exd4 Be7 11. Bd3 0-0 12. 0-0 a5 13. Bh2 Bd7 14. a4 Rac8 15. Qb1 h6 16. Ne5 Be8 17. Ndf3 Nd7 18. Re1 Ncxe5 19. Nxe5 Nxe5 20. Bxe5 Bc6 21. Qc2 Qd8 22. Qe2 Qd7 23. Bc2 f5 24. g3 Qe8 25. Kh2 Bd7 26. Bb3 Bf6 27. f4 Qd8 28. Qc2 Qb6 29. Rad1 Rf7 30. Rd2 Rcf8 31. Qd1 g5 32. Rg2 Rg7 33. Re3 Bxe5 34. Rxe5 gxf4 35. gxf4 Rxg2+ 36. Kxg2 Rf7 37. Re3 Kh7 38. Rg3 Be8 39. Qc2 Qd6 40. Qd2 Bc6 41. Bd1 Qd7 42. b3 Rg7 43. Qe3 b5 44. axb5 Bxb5 45. Rxg7+ Qxg7+ 46. Kf2 Qf6 47. Qg3 Qg6 48. Qxg6+ Kxg6 49. Ke3 Kf6 50. Kd2 Ke7 51. Kc1 Kd6 52. Kb2 Kc6 53. Bh5 Bf1 54. h4 Ba6 55. Be8+ Kb6 56. Bd7 Bd3 57. Bxe6 Be4 58. Ka3 Ka6 59. Ka4 Kb6 60. Bf7 Bf3 61. Be8 Be2 62. Bd7 Bd3 63. Be6 Be4 64. c4 dxc4 65. bxc4 Bc2+ 66. Ka3 Kc6 67. Bf7 Kb6 68. Be8 Kc7 69. Ba4 Bd3 70. Bb3 1-0